| 000 | 00000nam##2200000za#4500 |
| 001 | 9.516411 |
| 003 | CaOODSP |
| 005 | 20200331220755 |
| 007 | ta |
| 008 | 150406|1992||||xxc||||| f|0| 0 fre|d |
| 020 | |a0-660-57486-1 |
| 022 | |a0706-148X |
| 040 | |aCaOODSP|bfre |
| 041 | |aeng |
| 041 | |afre |
| 043 | |an-cn--- |
| 086 | 1 |aS52-2/209-1992 |
| 110 | 1 |aCanada.|bSecrétariat d'État du Canada. |bBureau de la traduction. |
| 245 | 10|aVocabulaire canadien du Quaternaire / |cpar Chantal Cormier. |
| 260 | |aOttawa - Ontario : |bSecrétariat d'État du Canada. |c1992. |
| 300 | |a154p. : |c22 cm. |
| 490 | 1 |aBulletin de terminologie|x0706-148X|v209 |
| 500 | |aProjet conjoint de la Commission géologique du Canada et du Secrétariat d'État du Canada. «Le vocabulaire comprend des termes qui sont à la fois propres au Quaternaire et à plusieurs domaines des sciences de la Terre (géologie, géomorphologie, stratigraphie, sédimentologie et géochronologie). Le tiers des entrées, environ, sont accompagnées de définitions anglaises et françaises.»--Page x. «Le Vocabulaire [...] se rattache à la série de la Géologie du Canada [...] Le présent vocabulaire est un complément au premier volume de cette série, Le Quaternaire du Canada et du Groenland.»--Avant-propos. |
| 504 | |aBibliographie. |
| 520 | 3 |aBulletin de terminologie 209. Ce vocabulaire est un répertoire bilingue produit conjointement par le Bureau de la traduction et la Commission géologique du Canada. Il se rattache à la série de la "Géologie du Canada", dont chaque volume thématique traite d'une discipline des sciences de la Terre ou d'une province géologique canadienne. Le présent vocabulaire est un complément au premier volume de cette série, "Le Quaternaire du Canada et du Groenland." Il comprend des termes qui sont à la fois propres au Quaternaire et à plusieurs domaines des sciences de la Terre (géologie, géomorphologie, stratigraphie, sédimentologie et géochronologie). |
| 546 | |aBilingue |
| 563 | |aCouverture souple |
| 590 | |a93-05|b1993-02-05 |
| 691 | 07|aTerminologie|2gcpds |
| 691 | 07|aGéologie|2gcpds |
| 720 | 1 |aCormier, Chantal |
| 776 | 0#|tCanadian Quaternary vocabulary / |w(CaOODSP)9.590511 |
| 791 | |tCanadian Quaternary vocabulary / |eeng|w(CaOODSP)9.516410 |
| 830 | #0|aBulletin de terminologie,|x0706-148X|v209|w(CaOODSP)9.509599 |